| 000 | 01086nam a22002657a 4500 | ||
|---|---|---|---|
| 005 | 20090119143636.0 | ||
| 008 | 090119t xxu||||| |||| 00| 1 eng d | ||
| 010 | _aB-357755 | ||
| 020 | _a9788170118664 | ||
| 020 |
_a8170118662 _c18.00 |
||
| 035 | _aB-357755 | ||
| 037 | _bTarun Books (vendor) | ||
| 040 |
_adpl _bEnglish |
||
| 082 | _aS | ||
| 100 | _aNehemiah, Asha | ||
| 110 | _aillustrated by B.G. Varma | ||
| 245 |
_aThe Rajah's moustache / _cby Asha Nehemiah; illustrated by B.G. Varma _hEnglish |
||
| 260 |
_aNew Delhi _bChildren's Book Trust _c2008 (repr.) |
||
| 270 |
_aNehru House, 4 Bahadur Shah Zafar Marg _bNew Delhi _e110002 _k23316970-74 _l23721090 _mcbtnd@vsnl.com |
||
| 300 |
_a16p.: _c18cm. (pbk) _bill. |
||
| 700 | _aVarma, B.G. | ||
| 942 |
_2ddc _cCH _hS _mNEH |
||
| 999 |
_c21574 _d21574 |
||